00414nam a2200169Ia 4500003000400000005001700004008004100021040000700062041000800069082002000077100002300097245005000120250000600170260004200176300001300218365001300231OSt20230419091429.0210423s2009 xx 000 0 und d cAL aeng a657.48 NARR223 aNARAYANASWAMY (R). aFinancial accounting: managerial perspective. a2 aNew DelhibPHI Learning Pvt Ltdc2009 axiii,663 b375cINR